LEADER 01110nam0 22002891i 450 001 RML0301181 005 20231121125743.0 010 $a0140188169 100 $a20121121d1987 ||||0itac50 ba 101 | $aeng 102 $agb 181 1$6z01$ai $bxxxe 182 1$6z01$an 200 1 $aWomen in love$fD.H.Lawrence$gEdited by David Farmer,lindeth vasey and Jhon Worthen,With an introduction and notes by Mark Kinkead-Weekes 210 $aLondon $cPenguin books $dİ1987 215 $aXXXI,560 p.$d20 cm 225 | $aPenguin twentieth-century classics 410 0$1001RML0331606$12001 $aPenguin twentieth-century classics 700 1$aLawrence$b, David Herbert$3RMLV176683$060980 801 3$aIT$bIT-01$c20121121 850 $aIT-FR0017 899 $aBiblioteca umanistica Giorgio Aprea$bFR0017 912 $aRML0301181 950 0$aBiblioteca umanistica Giorgio Aprea$d 52CIS 11/1253$e 52VM 0000712085 VM barcode:00063388. - Inventario:9173 FLSVM$fA $h20071205$i20121204 977 $a 52 996 $aWomen in love$926256 997 $aUNICAS